=LDR 00000nam 2200000 4500 =001 INLIS000000000007295 =005 20130612095323 =008 ***********************************Ind** =035 ##$$0010-061300000007295 =041 ##$$a Ind =082 ##$$a 297.911 =090 ##$$a 297.911, Sya i =100 ##$$a Syathi, Bintusy =245 ##$$a Isteri-isteri Rasulullah SAW, Bintusy Syathi =260 ##$$a 1979 $b Jakarat =300 ##$$a 142 hlm., 21 cm =650 ##$$a Islam